000 00303nam a22001217a 4500
020 _a8120328485
082 _222
_a691
100 _aVarghese, P. C.
245 _aBuilding materials /
260 _aNew Delhi,
_bPrentice Hall,
_cc2006.
300 _axix, 267 p. ;
_bill. ;
_c24 cm.
942 _2ddc
_cCIVIL
_012
999 _c1470
_d1470